LEADER 01645nam 2200529 a 450 001 9910461787503321 005 20200520144314.0 010 $a1-283-48621-0 010 $a9786613486219 010 $a0-299-28543-X 035 $a(CKB)2670000000184713 035 $a(SSID)ssj0000606993 035 $a(PQKBManifestationID)11355298 035 $a(PQKBTitleCode)TC0000606993 035 $a(PQKBWorkID)10582411 035 $a(PQKB)11424507 035 $a(MiAaPQ)EBC3445199 035 $a(OCoLC)780273379 035 $a(MdBmJHUP)muse16480 035 $a(Au-PeEL)EBL3445199 035 $a(CaPaEBR)ebr10537604 035 $a(CaONFJC)MIL348621 035 $a(EXLCZ)992670000000184713 100 $a20110316d2011 uy 0 101 0 $aeng 135 $aurcn||||||||| 181 $ctxt 182 $cc 183 $acr 200 12$aA commentary to Pushkin's lyric poetry, 1826-1836$b[electronic resource] /$fMichael Wachtel 210 $aMadison $cUniversity of Wisconsin Press$dc2011 215 $axxiv, 404 p 225 1 $aPublications of the Wisconsin Center for Pushkin Studies 300 $aBibliographic Level Mode of Issuance: Monograph 311 $a0-299-28544-8 320 $aIncludes bibliographical references and index. 410 0$aPublications of the Wisconsin Center for Pushkin Studies. 608 $aElectronic books. 676 $a891.71/3 700 $aWachtel$b Michael$01032483 801 0$bMiAaPQ 801 1$bMiAaPQ 801 2$bMiAaPQ 906 $aBOOK 912 $a9910461787503321 996 $aA commentary to Pushkin's lyric poetry, 1826-1836$92450362 997 $aUNINA LEADER 00799nam0-22003011i-450 001 990003335720403321 005 20221005104100.0 035 $a000333572 035 $aFED01000333572 035 $a(Aleph)000333572FED01 035 $a000333572 100 $a20030910d1963----km-y0itay50------ba 101 0 $afre 102 $aFR 105 $ay-------001yy 200 1 $aAlbert Camus$fRobert de Luppè 210 $aParis$cEditions Universitaires$d1963 215 $a125 p.$d17 cm 225 1 $aClassiques du 20. siècle$v1 676 $a730 700 1$aLuppé,$bRobert de$f<1922- >$0384478 801 0$aIT$bUNINA$gRICA$2UNIMARC 901 $aBK 912 $a990003335720403321 952 $a730 LUP /1$bLINGUE 730$fDECLI 959 $aDECLI 996 $aAlbert Camus$9144168 997 $aUNINA